Catálogo
 En Linea

Obras maestras de la pintura dominicana=Masterpieces of dominican painting. / (Registro nro. 33411)

Detalles MARC
000 -CABECERA
campo de control de longitud fija 00792nam a2200217 a 4500
001 - NÚMERO DE CONTROL
campo de control 000033920
005 - FECHA Y HORA DE LA ÚLTIMA TRANSACCIÓN
campo de control 20260305073958.0
008 - DATOS DE LONGITUD FIJA--INFORMACIÓN GENERAL
campo de control de longitud fija 110914s1994 000 spa d
040 ## - FUENTE DE LA CATALOGACIÓN
Centro catalogador/agencia de origen DO-SdBNP
Lengua de catalogación spa
Centro/agencia transcriptor BNPHU
041 17 - CÓDIGO DE LENGUA
Código de lengua del texto/banda sonora o título independiente spa
Código de lengua original eng
082 ## - NÚMERO DE LA CLASIFICACIÓN DECIMAL DEWEY
Número de clasificación xxxx
Número de documento/Ítem G377o
049 ## - FONDOS LOCALES (OCLC)
Fondos de biblioteca BNPD
100 1# - ENTRADA PRINCIPAL--NOMBRE DE PERSONA
Nombre de persona Gerón, Candido,
Fechas asociadas al nombre 1948-
9 (RLIN) 3577
245 10 - MENCIÓN DE TÍTULO
Título Obras maestras de la pintura dominicana=Masterpieces of dominican painting. /
Mención de responsabilidad, etc. Cándido Gerón ; traducción Altagracia Amelia Cabral ; fotografía Ricardo Thorman.
246 03 - FORMA VARIANTE DE TÍTULO
Título propio/Titulo breve Masterpieces of dominican painting
260 ## - PUBLICACIÓN, DISTRIBUCIÓN, ETC.
Lugar de publicación, distribución, etc. Santo Domingo :
Nombre del editor, distribuidor, etc. Corripio,
Fecha de publicación, distribución, etc. 1994.
300 ## - DESCRIPCIÓN FÍSICA
Extensión v. :
Otras características físicas il. retr. ;
Dimensiones 33 cm.
500 ## - NOTA GENERAL
Nota general La biblioteca posee los volumenes 3 y 4
700 1# - PUNTO DE ACCESO ADICIONAL--NOMBRE DE PERSONA
Nombre de persona Cabral , Altagracia Amelia
Término indicativo de función/relación tr.
9 (RLIN) 43780
700 1# - PUNTO DE ACCESO ADICIONAL--NOMBRE DE PERSONA
Nombre de persona Thorman , Ricardo
9 (RLIN) 59363
Existencias
Estado de retiro Estado de pérdida Restricciones de uso No para préstamo Código de colección Localización permanente Ubicación/localización actual Ubicación en estantería Fecha de adquisición Número de inventario Total de préstamos Signatura topográfica completa Código de barras Fecha visto por última vez Precio válido a partir de Tipo de ítem Koha
      Excluido de préstamo Monografías: Libros y Folletos Patrimonio Dominicano Patrimonio Dominicano En catalogación 14.09.2011 LF1   xxxx G377o 33920-10 25.06.2020 25.06.2020 No se presta
      Excluido de préstamo Monografías: Libros y Folletos Patrimonio Dominicano Patrimonio Dominicano En catalogación 14.09.2011 LF1   xxxx G377o 33920-20 25.06.2020 25.06.2020 No se presta
      Excluido de préstamo Monografías: Libros y Folletos Patrimonio Dominicano Patrimonio Dominicano En catalogación 14.09.2011 LF1   xxxx G377o 33920-30 25.06.2020 25.06.2020 No se presta
      Excluido de préstamo Monografías: Libros y Folletos Patrimonio Dominicano Patrimonio Dominicano En catalogación 14.09.2011 LF1   xxxx G377o 33920-40 25.06.2020 25.06.2020 No se presta

Con tecnología Koha